| 000 | 00911cam a22002055a 4500 | ||
|---|---|---|---|
| 001 | L149559 | ||
| 008 | 100319e20100313xxk 000 0 eng d | ||
| 035 | _a(Sirsi) u149559 | ||
| 041 | 0 | _aeng | |
| 100 | 1 | _aParr, Lauren | |
| 245 | 0 | 0 | _aFocus Berkshire |
| 260 | _c2010 | ||
| 490 |
_aEstates Gazette _v(1010) 13 March 2010, 79-87(7) |
||
| 520 | _aThames Valley office market registers the worst take-up since the doc.com crash. Supply of office space continues to increase as tenants chose to off load excess space by subletting. Average office rents dropped by 116% in 2009, the lowest since 2004. People and companies looks at a number of small companies which have sprung up. A lean industiral market lays the conditions for a sluggish market ahead. | ||
| 590 | _aKA | ||
| 651 | 4 | _aBerkshire | |
| 690 | _aPROPERTY-COMMERCIAL PROPERTY-COMMERCIAL PROPERTY MARKET | ||
| 700 | 1 | _aJack, Simon | |
| 942 | _n0 | ||
| 999 |
_c82211 _d82211 |
||